000 00309 a2200145 4500
001 44919
020 _a
040 _cAnchieta - Aquarius
240 1 0 _a#A roupa nova do imperador
_lpor
245 1 0 _a#A roupa nova do imperador
300 _a
362 0 _a0
650 4 _aLiteratura infantil
942 _cBK
999 _c44919
_d44919